000 00664cam a2200193 a 4500
001 000022238
005 20200930011638.0
008 100920s1989 cu a 000 0 spa d
040 _aDO-SdBNP
_bspa
_cBNPHU
082 _a792.14
_bA791m
100 1 _aArtiles, Freddy.
_945983
245 1 3 _aLa maravillosa historia del teatro universal /
_cFreddy Artiles ; edición Juan Carlos Reloba Santana.
260 _aLa Habana :
_bGente Nueva,
_c1989.
300 _a193 p. :
_bil. ;
_c23 cm.
504 _aBibliografías : p. 191-193.
650 4 _aTeatro
_xHistoria
_927205
700 1 2 _aRebola Santana, Juan Carlos,
_eed.
_945984
910 _aValidado. Control de calidad MFF
999 _c21736
_d21736